Issues in second language acquisition : multiple perspectives /

Bibliographic Details
Other Authors: Beebe, Leslie M.
Format: Book
Language:English
Published: New York : Newbury House Publishers, [1988]
Subjects:

MARC

Tag First Indicator Second Indicator Subfields
LEADER 00000cam a2200000 a 4500
001 in00000025099
005 20151007055725.0
008 870811s1988 nyua b 00000 eng
010 |a  87023958  
020 |a 0066320496 (pbk.) 
035 |a (OCoLC)16580919 
035 |9 AAB9076AM 
040 |a DLC  |c DLC  |d TXA  |d UtOrBLW 
049 |a TXAM  |c [A11667749] 
050 0 0 |a P118.2  |b .I87 1988 
082 0 |a 401/.9  |2 19 
245 0 0 |a Issues in second language acquisition :  |b multiple perspectives /  |c Leslie M. Beebe, editor. 
264 1 |a New York :  |b Newbury House Publishers,  |c [1988] 
264 4 |c ©1988 
300 |a xiv, 190 pages :  |b illustrations 
336 |a text  |b txt  |2 rdacontent 
337 |a unmediated  |b n  |2 rdamedia 
338 |a volume  |b nc  |2 rdacarrier 
504 |a Includes bibliographies. 
650 0 |a Second language acquisition. 
700 1 |a Beebe, Leslie M. 
999 |a MARS 
999 f f |s 3edc59f7-b1a3-3dc1-8eb2-53c7ff2a994d  |i 9d82c837-0b3e-32ac-99c2-43e25c06e46a  |t 0 
952 f f |p normal  |a Texas A&M University  |b College Station  |c Sterling C. Evans Library  |d Evans: Library Stacks  |t 0  |e P118.2 .I87 1988  |h Library of Congress classification  |i unmediated -- volume  |m A14811667749 
952 f f |p normal  |a Texas A&M University  |b College Station  |c Sterling C. Evans Library  |d Evans: Library Stacks  |t 0  |e P118.2 .I87 1988  |h Library of Congress classification  |i unmediated -- volume  |m A14833020735 
998 f f |a P118.2 .I87 1988  |t 0  |l Evans: Library Stacks 
998 f f |a P118.2 .I87 1988  |t 0  |l Evans: Library Stacks